|
|
|
|
| LEADER |
01070nam a2200361 4500 |
| 001 |
DLU060055936 |
| 005 |
##20061031 |
| 008 |
##000322s2001 mauab b 001 0 eng |
| 010 |
# |
# |
|a 00036152
|
| 020 |
# |
# |
|a 0072315024 (combined : acid-free paper)
|
| 020 |
# |
# |
|a 0072315075 (v. 1 : acid-free paper)
|
| 020 |
# |
# |
|a 0072315091 (v. 2 : acid-free paper)
|
| 040 |
# |
# |
|a DLC
|c DLC
|d DLC
|
| 043 |
# |
# |
|a n-us---
|
| 050 |
# |
# |
|a E178.1
|b .N346 2001
|
| 082 |
# |
# |
|a 973
|b Nat
|
| 245 |
# |
# |
|a Nation of nations :
|b a narrative history of the American republic /
|c James West Davidson ... [et al.]
|
| 250 |
# |
# |
|a 4th ed
|
| 260 |
# |
# |
|a Boston :
|b McGraw-Hill,
|c 2001
|
| 300 |
# |
# |
|a 1127 p. ;
|c 26 cm +
|e 1 CD (4 3/4 in).
|
| 504 |
# |
# |
|a Includes bibliographical references and index
|
| 651 |
# |
# |
|a United States
|x History
|
| 700 |
# |
# |
|a Davidson, James West.
|
| 923 |
# |
# |
|a 25/2006
|
| 992 |
# |
# |
|a 56.600
|
| 994 |
# |
# |
|a DLU
|
| 900 |
# |
# |
|a True
|
| 911 |
# |
# |
|a Đào Thị Thu Huyền
|
| 925 |
# |
# |
|a G
|
| 926 |
# |
# |
|a A
|
| 927 |
# |
# |
|a SH
|
| 980 |
# |
# |
|a Thư viện Trường Đại học Đà Lạt
|